[Event "Quebec Interclubs sf final"]
[Site "Montreal"]
[Date "2009.05.09"]
[Round "3"]
[White "Cvetkovic, Tomica"]
[Black "Gerard, Patrice"]
[Result "1/2-1/2"]
[WhiteElo "1126"]
[BlackElo "1819"]
[PlyCount "108"]
[EventDate "2009.05.08"]
[EventType "team"]
[EventRounds "5"]
[EventCountry "CAN"]
[SourceTitle "EXT 2011"]
[Source "ChessBase"]
[SourceDate "2010.11.26"]
[SourceVersion "1"]
[SourceVersionDate "2010.11.26"]
[SourceQuality "1"]

1. e4 c5 2. Bc4 Nc6 3. Nf3 e6 4. a3 Be7 5. d4 cxd4 6. Nxd4 Nf6 7. Nxc6 bxc6 8. Nc3 Qc7 9. 0-0 0-0 10. Re1 d5 11. Bd3 a5 12. e5 Nd7 13. f4 Nc5 14. Kh1 Nxd3 15. cxd3 f5 16. d4 Ba6 17. Be3 Rfb8 18. Qd2 Rb3 19. Rab1 Rab8 20. Rec1 Bc4 21. h3 c5 22. Na4 cxd4 23. Bxd4 Bxa3 24. Ra1 Bb4 25. Qf2 Be7 26. Rc3 Qc6 27. Rxb3 Bxb3 28. Nc5 Bxc5 29. Bxc5 Rb5 30. Rc1 Bc4 31. Ba3 Qd7 32. Rd1 Qc7 33. Rd2 Qb6 34. Kg1 Qxf2+ 35. Kxf2 Rb3 36. Rc2 Rd3 37. Rc3 Rd2+ 38. Kg1 a4 39. h4 Kf7 40. h5 Rd4 41. g3 h6 42. Rc2 g5 43. Rf2 Bb3 44. Kh2 Rd1 45. Bb4 g4 46. Rd2 Rc1 47. Kg2 Rc4 48. Ba3 Bc2 49. Kf2 Be4 50. Ke3 Bc2 51. Rd4 Rc8 52. Rd2 Bb3 53. Kf2 Rc1 54. Kg2 Rc2 1/2-1/2

[Event "Quebec Interclubs sf final"]
[Site "Montreal"]
[Date "2009.05.09"]
[Round "2"]
[White "Girard, Sylvain"]
[Black "Cvetkovic, Tomica"]
[Result "0-1"]
[WhiteElo "1487"]
[BlackElo "1126"]
[PlyCount "64"]
[EventDate "2009.05.08"]
[EventType "team"]
[EventRounds "5"]
[EventCountry "CAN"]
[SourceTitle "EXT 2011"]
[Source "ChessBase"]
[SourceDate "2010.11.26"]
[SourceVersion "1"]
[SourceVersionDate "2010.11.26"]
[SourceQuality "1"]

1. e4 d6 2. d4 Nf6 3. Nc3 g6 4. Bg5 Bg7 5. Bd3 0-0 6. Qd2 Nc6 7. Nge2 Re8 8. d5 Ne5 9. Bb5 c6 10. Ba4 b5 11. Bb3 Bb7 12. f3 a5 13. a4 b4 14. Nd1 c5 15. c4 Bc8 16. Nf2 e6 17. 0-0 exd5 18. exd5 Qc7 19. Ng3 Rf8 20. Rae1 Ne8 21. f4 Ng4 22. Re7 Qb8 23. Rfe1 Bf5 24. Nxf5 gxf5 25. Nxg4 fxg4 26. Bd1 h6 27. Bh4 f5 28. b3 Bc3 29. Qe2 Qc8 30. Qe6+ Qxe6 31. R1xe6 h5 32. Rg6+ Bg7 0-1